[Event "36. Copenhagen Open (Politiken Cup)"]
[Site "Elsinore"]
[Date "2014.07.22"]
[Round "2"]
[White "Cornette, Matthieu"]
[Black "Chevannes, Sabrina"]
[Result "1-0"]
[WhiteElo "2532"]
[BlackElo "2160"]
[PlyCount "61"]
[EventDate "2014.07.21"]
[EventType "swiss"]
[EventRounds "10"]
[EventCountry "DEN"]
[Source "ChessBase"]
[SourceDate "2014.08.29"]

1. e4 c6 2. d4 g6 3. Nf3 Bg7 4. c3 d5 5. e5 Bg4 6. Nbd2 e6 7. h3 Bxf3 8. Nxf3
Nd7 9. Bd3 c5 10. O-O Qc7 11. b4 c4 12. Bc2 Ne7 13. Re1 h6 14. a4 g5 15. h4
gxh4 16. Nxh4 Nf8 17. Qh5 Nfg6 18. Nf3 a5 19. bxa5 Rxa5 20. g3 b5 21. Ba3 O-O
22. Nh2 bxa4 23. Ng4 Rfa8 24. Kg2 Kh7 25. Nxh6 Bxh6 26. Rh1 Ng8 27. Bc1 R5a6
28. Bxh6 Nxh6 29. Qxh6+ Kg8 30. Bxg6 fxg6 31. Qh8+ 1-0

[Event "36. Copenhagen Open (Politiken Cup)"]
[Site "Elsinore"]
[Date "2014.07.22"]
[Round "2"]
[White "Dahl, Steve"]
[Black "Jensen, Michael Agermose"]
[Result "1/2-1/2"]
[WhiteElo "1802"]
[BlackElo "2011"]
[PlyCount "171"]
[EventDate "2014.07.21"]
[EventType "swiss"]
[EventRounds "10"]
[EventCountry "DEN"]
[Source "ChessBase"]
[SourceDate "2014.08.29"]

1. e4 c5 2. Nf3 g6 3. Nc3 Bg7 4. h4 h5 5. d4 cxd4 6. Nxd4 Nc6 7. Be3 Nf6 8. f3
d6 9. Qd2 Bd7 10. O-O-O Rc8 11. Be2 Ne5 12. Kb1 a6 13. Rhf1 Nc4 14. Bxc4 Rxc4
15. Nde2 Qa5 16. Nd5 Qxd2 17. Rxd2 Nxd5 18. Rxd5 O-O 19. b3 Rcc8 20. Rd2 b5 21.
Nf4 Be6 22. Nd5 Bxd5 23. Rxd5 Rc6 24. Rfd1 Rfc8 25. R1d2 Bc3 26. Re2 Bg7 27.
Red2 f6 28. R5d3 Kf7 29. f4 f5 30. exf5 gxf5 31. Bd4 Bxd4 32. Rxd4 Rg8 33. R4d3
Rg4 34. g3 Rc8 35. Re3 Rcg8 36. Rdd3 Rc8 37. Kb2 Rgg8 38. a3 Kf6 39. c3 Rgd8
40. Kc2 Re8 41. Rd5 Rc6 42. Red3 Rec8 43. Kd2 Rc5 44. R5d4 Rb8 45. Re3 Rb6 46.
Red3 Rcc6 47. Re3 Rc5 48. Red3 Rcc6 49. Re3 a5 50. Kc2 b4 51. a4 bxc3 52. Rxc3
e5 53. Rd5 Ra6 54. Rxc6 Rxc6+ 55. Kd3 e4+ 56. Kd4 Ra6 57. Rb5 Ke6 58. Rb8 Ra7
59. Re8+ Re7 60. Ra8 Rb7 61. Kc3 Rg7 62. Rxa5 Rxg3+ 63. Kc4 e3 64. Kd3 e2+ 65.
Kxe2 Rxb3 66. Ra8 Ra3 67. a5 Kd5 68. a6 Ke4 69. a7 Ra2+ 70. Kd1 Kxf4 71. Rh8
Rxa7 72. Rxh5 Ra2 73. Rh8 Rh2 74. Rd8 Ke5 75. Rh8 f4 76. h5 f3 77. h6 Kd4 78.
h7 d5 79. Rf8 Rxh7 80. Rxf3 Rh2 81. Rg3 Kc4 82. Kc1 d4 83. Kd1 Ra2 84. Kc1 Re2
85. Kd1 Re3 86. Rxe3 1/2-1/2

[Event "36. Copenhagen Open (Politiken Cup)"]
[Site "Elsinore"]
[Date "2014.07.22"]
[Round "2"]
[White "Daulyte, Deimante"]
[Black "Petersen, Peter Birk"]
[Result "1-0"]
[WhiteElo "2405"]
[BlackElo "2126"]
[PlyCount "51"]
[EventDate "2014.07.21"]
[EventType "swiss"]
[EventRounds "10"]
[EventCountry "DEN"]
[Source "ChessBase"]
[SourceDate "2014.08.29"]

1. e4 c5 2. Nc3 e6 3. Nf3 a6 4. d4 cxd4 5. Nxd4 Qc7 6. Bd3 Nc6 7. Nxc6 dxc6 8.
Qe2 e5 9. O-O Nf6 10. Kh1 Be7 11. f4 O-O 12. a4 Bd7 13. f5 c5 14. g4 Bc6 15. g5
Ne8 16. Bc4 g6 17. Nd5 Bxd5 18. Bxd5 Bd6 19. Ra3 Ng7 20. fxg6 hxg6 21. Rf6 Be7
22. Rxg6 Rad8 23. Qh5 Rxd5 24. Rxg7+ Kxg7 25. Qh6+ Kg8 26. Rh3 1-0

[Event "36. Copenhagen Open (Politiken Cup)"]
[Site "Elsinore"]
[Date "2014.07.22"]
[Round "2"]
[White "Derakhshani, Dorsa"]
[Black "Ramirez, Alejandro"]
[Result "0-1"]
[WhiteElo "2169"]
[BlackElo "2580"]
[PlyCount "74"]
[EventDate "2014.07.21"]
[EventType "swiss"]
[EventRounds "10"]
[EventCountry "DEN"]
[Source "ChessBase"]
[SourceDate "2014.08.29"]

1. e4 c5 2. Nf3 e6 3. d4 cxd4 4. Nxd4 a6 5. Nc3 Qc7 6. Bd3 Nf6 7. Qe2 d6 8. f4
Nc6 9. Nb3 b5 10. a3 Be7 11. g4 Bb7 12. Be3 Nd7 13. O-O-O b4 14. axb4 Nxb4 15.
Rhe1 Bf6 16. Bd4 e5 17. Bf2 exf4 18. Nd5 Nxd5 19. exd5+ Be5 20. Bf5 O-O 21. Qd3
g6 22. Bxd7 Qxd7 23. Nc5 Qc8 24. Nxb7 Qxb7 25. Bd4 f6 26. g5 Qxd5 27. Bxe5 Qxd3
28. Rxd3 dxe5 29. gxf6 Rae8 30. Rd5 Rxf6 31. Rdxe5 Rxe5 32. Rxe5 f3 33. Re1 g5
34. Rg1 Kf7 35. h3 h5 36. Kd2 g4 37. hxg4 hxg4 0-1

[Event "36. Copenhagen Open (Politiken Cup)"]
[Site "Elsinore"]
[Date "2014.07.22"]
[Round "2"]
[White "Djurhuus, Eivind X"]
[Black "Fries Nielsen, Niels Jorgen"]
[Result "1/2-1/2"]
[WhiteElo "2079"]
[BlackElo "2297"]
[PlyCount "34"]
[EventDate "2014.07.21"]
[EventType "swiss"]
[EventRounds "10"]
[EventCountry "DEN"]
[Source "ChessBase"]
[SourceDate "2014.08.29"]

1. e4 d6 2. d4 Nf6 3. Nc3 a6 4. f4 b5 5. e5 b4 6. Qf3 Ra7 7. exf6 bxc3 8. Qxc3
exf6 9. Nf3 d5 10. Bd3 Bd6 11. O-O O-O 12. Be3 Rb7 13. a3 Bd7 14. Rfe1 Bb5 15.
b3 Qc8 16. f5 Nd7 17. Qd2 Bxd3 1/2-1/2

[Event "36. Copenhagen Open (Politiken Cup)"]
[Site "Elsinore"]
[Date "2014.07.22"]
[Round "2"]
[White "Eckhardt, Lars H"]
[Black "Haugli, Petter"]
[Result "0-1"]
[WhiteElo "2072"]
[BlackElo "2286"]
[PlyCount "84"]
[EventDate "2014.07.21"]
[EventType "swiss"]
[EventRounds "10"]
[EventCountry "DEN"]
[Source "ChessBase"]
[SourceDate "2014.08.29"]

1. e4 c5 2. Nf3 e6 3. c3 d5 4. exd5 exd5 5. d4 Nc6 6. Bb5 Bd6 7. O-O Nge7 8.
Nbd2 O-O 9. dxc5 Bxc5 10. Nb3 Bb6 11. Bg5 f6 12. Bf4 Ng6 13. Bg3 f5 14. Bxc6
bxc6 15. Be5 Nxe5 16. Nxe5 Qf6 17. Re1 Re8 18. Nf3 Re4 19. Nbd2 Rxe1+ 20. Qxe1
Bd7 21. Qe5 Kf7 22. Re1 Re8 23. Qxf6+ Kxf6 24. Kf1 c5 25. Rxe8 Bxe8 26. b3 g5
27. g3 g4 28. Ne1 Ba5 29. b4 cxb4 30. Nb3 Bb5+ 31. Kg2 Bb6 32. cxb4 Bc4 33. Nc1
Ke5 34. Nc2 d4 35. Na3 Kd5 36. Nb3 d3 37. Nd2 Bxa2 38. Nb5 Bc4 39. Na3 Ba6 40.
b5 Bc5 41. bxa6 Bxa3 42. Kf1 Bb4 0-1

[Event "36. Copenhagen Open (Politiken Cup)"]
[Site "Elsinore"]
[Date "2014.07.22"]
[Round "2"]
[White "Edouard, Romain"]
[Black "Alle, Ambjorn"]
[Result "1-0"]
[WhiteElo "2679"]
[BlackElo "2196"]
[PlyCount "79"]
[EventDate "2014.07.21"]
[EventType "swiss"]
[EventRounds "10"]
[EventCountry "DEN"]
[Source "ChessBase"]
[SourceDate "2014.08.29"]

1. d4 d5 2. c4 c6 3. Nf3 Nf6 4. Nc3 a6 5. e3 Bf5 6. Be2 h6 7. Bd3 Bxd3 8. Qxd3
e6 9. O-O Nbd7 10. e4 dxe4 11. Nxe4 Nxe4 12. Qxe4 Nf6 13. Qh4 Bd6 14. Rd1 Qa5
15. c5 Bb8 16. Rd3 Qd8 17. Rb3 Qd7 18. Bf4 Bxf4 19. Qxf4 O-O 20. Ne5 Qc7 21.
Rd1 Rad8 22. Qf3 Rd5 23. Rdd3 Rfd8 24. Qf4 Nh5 25. Qh4 Nf6 26. h3 Ne8 27. Qe4
Nf6 28. Qf4 Nh5 29. Qh4 Nf6 30. Rg3 Ne8 31. Rbd3 Kf8 32. a3 f6 33. Ng6+ Kg8 34.
Qe4 Qd7 35. Nf4 Rxd4 36. Rxd4 Qxd4 37. Qxe6+ Kh8 38. Ng6+ Kh7 39. Ne7 Nc7 40.
Qf7 1-0

[Event "36. Copenhagen Open (Politiken Cup)"]
[Site "Elsinore"]
[Date "2014.07.22"]
[Round "2"]
[White "Eriksson, Christian Altenburg"]
[Black "Rapport, Richard"]
[Result "0-1"]
[WhiteElo "2153"]
[BlackElo "2701"]
[PlyCount "78"]
[EventDate "2014.07.21"]
[EventType "swiss"]
[EventRounds "10"]
[EventCountry "DEN"]
[Source "ChessBase"]
[SourceDate "2014.08.29"]

1. e4 e6 2. d4 d5 3. e5 Bd7 4. Nf3 Ne7 5. Bd3 a6 6. a4 c5 7. dxc5 Qa5+ 8. Nbd2
Qxc5 9. O-O Qc7 10. Re1 Nbc6 11. c3 f6 12. exf6 gxf6 13. Nd4 e5 14. Qh5+ Kd8
15. Nf5 Ng6 16. Nf1 Be6 17. N1g3 Qd7 18. Nh6 Kc7 19. Bf5 Bxh6 20. Bxh6 Rad8 21.
Bxe6 Qxe6 22. f4 Qd7 23. f5 Nf8 24. Rad1 Rg8 25. b4 Qe7 26. Qf3 Qf7 27. Rd2 Ne7
28. c4 d4 29. Ne4 Nd7 30. Rc1 Rb8 31. b5 axb5 32. cxb5+ Kd8 33. Nc5 Nxc5 34.
Rxc5 b6 35. Rc1 Qd5 36. Qxd5+ Nxd5 37. Rc6 Kd7 38. Ra2 Nb4 39. Rac2 Nxc2 0-1

[Event "36. Copenhagen Open (Politiken Cup)"]
[Site "Elsinore"]
[Date "2014.07.22"]
[Round "2"]
[White "Eriksson, Kristian"]
[Black "Neffe, Axel"]
[Result "1/2-1/2"]
[WhiteElo "2058"]
[BlackElo "2252"]
[PlyCount "100"]
[EventDate "2014.07.21"]
[EventType "swiss"]
[EventRounds "10"]
[EventCountry "DEN"]
[Source "ChessBase"]
[SourceDate "2014.08.29"]

1. e4 e5 2. Nf3 Nc6 3. d4 exd4 4. Nxd4 Nf6 5. Nxc6 bxc6 6. e5 Qe7 7. Qe2 Nd5 8.
c4 Nb6 9. Nc3 a5 10. Bd2 d6 11. exd6 cxd6 12. O-O-O Be6 13. Qe4 d5 14. cxd5
Nxd5 15. Bc4 Qc5 16. Na4 Qxf2 17. Rhf1 Qa7 18. Qe5 Be7 19. Qxg7 O-O-O 20. Qg3
Rhg8 21. Qf2 Qxf2 22. Rxf2 Kb7 23. Bb3 Nb4 24. Bxb4 Rxd1+ 25. Kxd1 Bxb4 26.
Bxe6 fxe6 27. a3 Bd6 28. g3 Rf8 29. Rxf8 Bxf8 30. Kc2 Ka6 31. Nc3 Kb6 32. Ne4
h6 33. a4 Bg7 34. b3 Bd4 35. Kd3 Bg1 36. h3 Bh2 37. g4 Be5 38. Kc4 Bh2 39. Nc5
e5 40. Ne4 Kc7 41. h4 Bg1 42. g5 hxg5 43. hxg5 Kd7 44. Nc5+ Ke7 45. b4 axb4 46.
Kxb4 Bf2 47. a5 Be1+ 48. Ka4 Bf2 49. Kb4 Be1+ 50. Ka4 Bf2 1/2-1/2

[Event "36. Copenhagen Open (Politiken Cup)"]
[Site "Elsinore"]
[Date "2014.07.22"]
[Round "2"]
[White "Fossan, Andreas"]
[Black "Andersson, Thorbjorn"]
[Result "1/2-1/2"]
[WhiteElo "1712"]
[BlackElo "1950"]
[PlyCount "82"]
[EventDate "2014.07.21"]
[EventType "swiss"]
[EventRounds "10"]
[EventCountry "DEN"]
[Source "ChessBase"]
[SourceDate "2014.08.29"]

1. d4 Nf6 2. c4 g6 3. f3 Bg7 4. e4 d6 5. Nc3 O-O 6. Bg5 h6 7. Be3 Nbd7 8. Nh3
c5 9. d5 b5 10. cxb5 a6 11. Nf2 axb5 12. Bxb5 Ba6 13. O-O Bxb5 14. Nxb5 Qa5 15.
a4 Rfc8 16. Qc1 Kh7 17. Nd1 Ne5 18. Qc2 Nfd7 19. Bd2 Qb6 20. f4 Ng4 21. h3 c4+
22. Kh1 Ngf6 23. Be3 Qd8 24. Ndc3 Nc5 25. Bxc5 Rxc5 26. Rad1 Kg8 27. Qf2 Ne8
28. e5 f5 29. Rfe1 Rac8 30. exd6 Nxd6 31. Re6 Nxb5 32. axb5 Bf6 33. d6 Qd7 34.
dxe7 Qxe6 35. Rd8+ Rxd8 36. exd8=Q+ Bxd8 37. Qxc5 Bb6 38. Qd5 Kf7 39. Qb7+ Kf8
40. Qb8+ Kf7 41. Qb7+ Kf8 1/2-1/2

[Event "36. Copenhagen Open (Politiken Cup)"]
[Site "Elsinore"]
[Date "2014.07.22"]
[Round "2"]
[White "Fossan, Benjamin"]
[Black "Mehringer, Joerg"]
[Result "0-1"]
[WhiteElo "1676"]
[BlackElo "1939"]
[PlyCount "80"]
[EventDate "2014.07.21"]
[EventType "swiss"]
[EventRounds "10"]
[EventCountry "DEN"]
[Source "ChessBase"]
[SourceDate "2014.08.29"]

1. e4 e5 2. Nf3 Nc6 3. Bc4 Nf6 4. d3 d6 5. c3 Bg4 6. Nbd2 Qd7 7. h3 Bh5 8. a3
Be7 9. Nf1 O-O 10. Ng3 Bg6 11. Nh4 d5 12. Nxg6 hxg6 13. exd5 Nxd5 14. O-O Rad8
15. Qe2 Nf4 16. Bxf4 exf4 17. Ne4 Ne5 18. d4 f3 19. gxf3 Nxc4 20. Qxc4 b5 21.
Qe2 Qxh3 22. Qxb5 Qxf3 23. Rae1 Bh4 24. Re3 Bxf2+ 25. Rxf2 Qxe3 26. Ng5 Rb8 27.
Qe2 Qxg5+ 28. Rg2 Qh5 29. Qf2 Rb5 30. Rh2 Rg5+ 31. Rg2 Qd1+ 32. Kh2 Rh5+ 33.
Kg3 Qd3+ 34. Kf4 Rf5+ 35. Kg4 Rxf2 36. Rxf2 Re8 37. Rf4 Re3 38. a4 Rh3 39. Kg5
Qg3+ 40. Rg4 Rh5# 0-1

[Event "36. Copenhagen Open (Politiken Cup)"]
[Site "Elsinore"]
[Date "2014.07.22"]
[Round "2"]
[White "Fossan, Petter"]
[Black "Meurman, Arne"]
[Result "1-0"]
[WhiteElo "2257"]
[BlackElo "2062"]
[PlyCount "71"]
[EventDate "2014.07.21"]
[EventType "swiss"]
[EventRounds "10"]
[EventCountry "DEN"]
[Source "ChessBase"]
[SourceDate "2014.08.29"]

1. e4 c5 2. c3 d5 3. exd5 Qxd5 4. d4 Nf6 5. Nf3 Bg4 6. Be2 e6 7. O-O Nc6 8. h3
Bh5 9. Be3 cxd4 10. cxd4 Be7 11. Nc3 Qa5 12. a3 O-O 13. Qb3 Qc7 14. Rac1 Rac8
15. d5 exd5 16. Nxd5 Nxd5 17. Qxd5 Bxf3 18. Bxf3 a6 19. Qb3 Bf6 20. Rc2 Qd7 21.
Bg4 Qc7 22. Bxc8 Rxc8 23. Rd1 g6 24. Rd5 Qe7 25. Qd3 Rc7 26. Qd2 Qe6 27. Rc1 h5
28. Bb6 Re7 29. Bc5 Rc7 30. Re1 Qc8 31. Bb6 Re7 32. Rxe7 Bxe7 33. Rd7 Kf8 34.
Rc7 Qe6 35. Rxb7 Ne5 36. Qh6+ 1-0

[Event "36. Copenhagen Open (Politiken Cup)"]
[Site "Elsinore"]
[Date "2014.07.22"]
[Round "2"]
[White "Franzen, Per Erik"]
[Black "Schultz Pedersen, Jesper"]
[Result "1/2-1/2"]
[WhiteElo "2050"]
[BlackElo "2235"]
[PlyCount "102"]
[EventDate "2014.07.21"]
[EventType "swiss"]
[EventRounds "10"]
[EventCountry "DEN"]
[Source "ChessBase"]
[SourceDate "2014.08.29"]

1. d4 d5 2. Nf3 Nc6 3. Bf4 Bg4 4. Ne5 Nxe5 5. Bxe5 Nf6 6. c3 e6 7. Qb3 Bd6 8.
Bxd6 Qxd6 9. Nd2 O-O 10. e3 c5 11. Qa3 b6 12. Ba6 e5 13. O-O Rfd8 14. c4 exd4
15. exd4 dxc4 16. Nxc4 Qxd4 17. Ne3 Qd7 18. Nxg4 Nxg4 19. Qb3 Qc7 20. g3 Ne5
21. Rfe1 Nc6 22. Bf1 Nd4 23. Qc3 Re8 24. Re3 Rxe3 25. Qxe3 g6 26. Rc1 Qd6 27.
a3 Rd8 28. Bg2 Qe6 29. Qxe6 Nxe6 30. b4 Rd4 31. bxc5 Nxc5 32. Bc6 Kf8 33. Re1
Ne6 34. a4 Ke7 35. Ra1 Nc7 36. Kf1 Kd6 37. Rc1 Ne6 38. Be8 f5 39. Rc8 Rb4 40.
Bb5 Nc5 41. Rc6+ Kd5 42. Rc7 Nxa4 43. Be8 a5 44. Rxh7 g5 45. h4 gxh4 46. gxh4
Nc5 47. h5 a4 48. Ra7 Rh4 49. Kg2 Kc4 50. Kg3 Rh1 51. Kg2 Rh4 1/2-1/2

[Event "36. Copenhagen Open (Politiken Cup)"]
[Site "Elsinore"]
[Date "2014.07.22"]
[Round "2"]
[White "Fricano, Paul Royal"]
[Black "Tleptsok, Ruslan"]
[Result "0-1"]
[WhiteElo "2013"]
[BlackElo "2212"]
[PlyCount "72"]
[EventDate "2014.07.21"]
[EventType "swiss"]
[EventRounds "10"]
[EventCountry "DEN"]
[Source "ChessBase"]
[SourceDate "2014.08.29"]

1. e4 c5 2. Nc3 Nc6 3. g3 g6 4. Bg2 Bg7 5. Nge2 d6 6. O-O Nf6 7. d3 O-O 8. h3
Rb8 9. Bf4 Nh5 10. Bg5 h6 11. Be3 e5 12. Qd2 Kh7 13. g4 Nf6 14. f3 Nd4 15. f4
b5 16. g5 Nh5 17. fxe5 b4 18. Nd5 Nxe2+ 19. Qxe2 Ng3 20. Qf2 Nxf1 21. Rxf1 Bxe5
22. Qh4 h5 23. Bf3 Kg7 24. c3 bxc3 25. bxc3 Ba6 26. Rd1 Rb2 27. d4 Bh2+ 28. Kh1
Be2 29. Bxe2 Rxe2 30. dxc5 Be5 31. c6 Qa5 32. c7 Rh2+ 33. Kg1 Qxa2 34. Bf2 Qe2
35. Ne3 Qf3 36. Rd3 Rh1# 0-1

[Event "36. Copenhagen Open (Politiken Cup)"]
[Site "Elsinore"]
[Date "2014.07.22"]
[Round "2"]
[White "Gajic, Mladen"]
[Black "Robertsen, Bjorn"]
[Result "1-0"]
[WhiteElo "2201"]
[BlackElo "1594"]
[PlyCount "62"]
[EventDate "2014.07.21"]
[EventType "swiss"]
[EventRounds "10"]
[EventCountry "DEN"]
[Source "ChessBase"]
[SourceDate "2014.08.29"]

1. b3 e5 2. Bb2 Nc6 3. e3 d6 4. g3 Be7 5. Bg2 f5 6. Ne2 Nf6 7. d4 e4 8. a3 Be6
9. d5 Bxd5 10. Bxf6 Bxf6 11. Qxd5 Bxa1 12. c3 Ne5 13. O-O Qf6 14. Qd2 O-O 15.
Nd4 Nd3 16. f3 Qe5 17. f4 Qa5 18. Qa2 Qb6 19. b4+ Kh8 20. Qxa1 c5 21. Nc2 cxb4
22. cxb4 Rac8 23. Nd4 Rc7 24. Nc3 Rcf7 25. Nd5 Qa6 26. Qa2 Rc8 27. Ne6 Re8 28.
Nd4 Rc8 29. Qb3 Nc1 30. Qb1 Ne2+ 31. Nxe2 Qxe2 1-0

[Event "36. Copenhagen Open (Politiken Cup)"]
[Site "Elsinore"]
[Date "2014.07.22"]
[Round "2"]
[White "Green, Per"]
[Black "Andersen, Claus"]
[Result "1/2-1/2"]
[WhiteElo "1984"]
[BlackElo "1774"]
[PlyCount "84"]
[EventDate "2014.07.21"]
[EventType "swiss"]
[EventRounds "10"]
[EventCountry "DEN"]
[Source "ChessBase"]
[SourceDate "2014.08.29"]

1. Nf3 Nf6 2. c4 g6 3. Nc3 Bg7 4. e4 d6 5. d4 O-O 6. Be2 e5 7. Be3 Nbd7 8. d5
b6 9. b4 a5 10. a3 Ng4 11. Bg5 Bf6 12. Bd2 Be7 13. h3 Ngf6 14. Bh6 Re8 15. g4
Bb7 16. Nd2 axb4 17. axb4 Rxa1 18. Qxa1 Qa8 19. O-O Qxa1 20. Rxa1 Ra8 21. Rxa8+
Bxa8 22. Be3 Bb7 23. g5 Ne8 24. Bg4 Nb8 25. b5 Ng7 26. Ne2 f5 27. gxf6 Bxf6 28.
Bh6 Kf7 29. Ng3 Ke7 30. Nf3 Nd7 31. Bxd7 Kxd7 32. Ng5 Bxg5 33. Bxg5 Ke8 34. Kg2
Bc8 35. Bf6 Kf7 36. Bxg7 Kxg7 37. Nf1 g5 38. f3 h5 39. Ne3 Kf6 40. Kg3 h4+ 41.
Kg2 Bd7 42. Nc2 Ke7 1/2-1/2

[Event "36. Copenhagen Open (Politiken Cup)"]
[Site "Elsinore"]
[Date "2014.07.22"]
[Round "2"]
[White "Greeuw, Sietske"]
[Black "Johannesen, Lars Peter Meldgaar"]
[Result "1-0"]
[WhiteElo "1949"]
[BlackElo "1711"]
[PlyCount "149"]
[EventDate "2014.07.21"]
[EventType "swiss"]
[EventRounds "10"]
[EventCountry "DEN"]
[Source "ChessBase"]
[SourceDate "2014.08.29"]

1. e4 d5 2. exd5 Qxd5 3. Nc3 Qa5 4. Nf3 Bg4 5. b4 Qh5 6. Be2 e6 7. a3 Nf6 8.
Bb2 Nbd7 9. h3 c6 10. Rg1 Bxf3 11. Bxf3 Qe5+ 12. Kf1 Be7 13. g3 Nb6 14. d3 O-O
15. Kg2 Rad8 16. Re1 Qc7 17. Ne4 Nxe4 18. Bxe4 f5 19. Bf3 Bf6 20. Bxf6 Rxf6 21.
Qe2 Nd7 22. d4 Nf8 23. c3 g5 24. Bh5 Ng6 25. Bxg6 Rxg6 26. Qe5 Qxe5 27. Rxe5
Rd5 28. Rae1 Kf7 29. a4 a6 30. b5 Rxe5 31. Rxe5 Rg8 32. bxc6 bxc6 33. Rc5 Rc8
34. g4 fxg4 35. hxg4 h6 36. Kf3 Ke7 37. Ke4 Kd6 38. Ra5 Rf8 39. f3 Ra8 40. Kd3
Ra7 41. c4 Ra8 42. Ke4 Ra7 43. Re5 Ra8 44. Kd3 Rf8 45. Ke3 Rf7 46. Ra5 Ra7 47.
Kd3 Ra8 48. Ke4 Ra7 49. f4 gxf4 50. Kxf4 Rf7+ 51. Ke4 Rg7 52. c5+ Kd7 53. Kf4
Rf7+ 54. Ke5 Rf1 55. Rxa6 Re1+ 56. Kf6 Rf1+ 57. Kg6 Rf4 58. Ra7+ Kd8 59. Kh5
Rxd4 60. a5 Rc4 61. a6 e5 62. Rh7 Ra4 63. a7 Kc8 64. Kxh6 e4 65. Re7 e3 66.
Rxe3 Rxa7 67. g5 Ra2 68. Re5 Rh2+ 69. Kg7 Rf2 70. g6 Kd7 71. Kg8 Rf1 72. g7 Rf2
73. Kh7 Rh2+ 74. Kg6 Rg2+ 75. Rg5 1-0

[Event "36. Copenhagen Open (Politiken Cup)"]
[Site "Elsinore"]
[Date "2014.07.22"]
[Round "2"]
[White "Hagesaether, Arne"]
[Black "Gao, Rui"]
[Result "0-1"]
[WhiteElo "2145"]
[BlackElo "2529"]
[PlyCount "50"]
[EventDate "2014.07.21"]
[EventType "swiss"]
[EventRounds "10"]
[EventCountry "DEN"]
[Source "ChessBase"]
[SourceDate "2014.08.29"]

1. e4 c5 2. Nf3 d6 3. c3 Nf6 4. Be2 Bg4 5. O-O e6 6. h3 Bh5 7. d4 Nxe4 8. d5
Qd7 9. Na3 exd5 10. Re1 Be7 11. Bb5 Nc6 12. Qxd5 Bxf3 13. gxf3 Nf6 14. Qg5 O-O
15. Bf4 Rfe8 16. Kh2 d5 17. Rg1 g6 18. Rad1 a6 19. Bd3 Nd8 20. Bf5 Ne6 21. Qh4
Bd6 22. Bg3 Qe7 23. Nc2 Bxg3+ 24. Rxg3 Ng7 25. Bd3 c4 0-1

[Event "36. Copenhagen Open (Politiken Cup)"]
[Site "Elsinore"]
[Date "2014.07.22"]
[Round "2"]
[White "Hallerod, Ralph"]
[Black "Roser, Kevin"]
[Result "1/2-1/2"]
[WhiteElo "2126"]
[BlackElo "2406"]
[PlyCount "117"]
[EventDate "2014.07.21"]
[EventType "swiss"]
[EventRounds "10"]
[EventCountry "DEN"]
[Source "ChessBase"]
[SourceDate "2014.08.29"]

1. d4 Nf6 2. c4 e6 3. Nf3 b6 4. g3 Ba6 5. b3 Bb4+ 6. Bd2 Be7 7. Bg2 Bb7 8. Nc3
d5 9. cxd5 exd5 10. O-O O-O 11. Rc1 Nbd7 12. Bf4 a6 13. Ne5 Re8 14. Nd3 Nf8 15.
Bxc7 Qxc7 16. Nxd5 Qb8 17. Nc7 Bxg2 18. Kxg2 Rd8 19. Nxa8 Qxa8+ 20. Kg1 Rxd4
21. Qc2 Rd8 22. Qc6 Qb8 23. Qc7 Nd5 24. Qxb8 Rxb8 25. Rc4 Ne6 26. e4 Nf6 27. f3
Rd8 28. Rd1 Nc5 29. Nb2 Rxd1+ 30. Nxd1 a5 31. Kf1 Kf8 32. Nc3 Ke8 33. e5 Nfd7
34. f4 f6 35. exf6 Nxf6 36. Ke2 Kd7 37. b4 axb4 38. Rxb4 Kc6 39. h3 Nb7 40. Rb1
Nc5 41. Kf3 Ne6 42. g4 Bd6 43. Ne2 Nd5 44. Rc1+ Kd7 45. Rd1 Kc6 46. h4 Ndxf4
47. Rxd6+ Kxd6 48. Nxf4 Nxf4 49. Kxf4 Kd5 50. Kf5 b5 51. g5 b4 52. h5 Kd4 53.
Ke6 Kc3 54. Kf7 Kb2 55. Kxg7 Kxa2 56. Kh8 b3 57. g6 hxg6 58. hxg6 b2 59. g7
1/2-1/2

[Event "36. Copenhagen Open (Politiken Cup)"]
[Site "Elsinore"]
[Date "2014.07.22"]
[Round "2"]
[White "Hansen, Anders1"]
[Black "Stuhr, Peter Sebastian"]
[Result "0-1"]
[WhiteElo "1735"]
[BlackElo "1965"]
[PlyCount "102"]
[EventDate "2014.07.21"]
[EventType "swiss"]
[EventRounds "10"]
[EventCountry "DEN"]
[Source "ChessBase"]
[SourceDate "2014.08.29"]

1. b3 d6 2. Bb2 Nf6 3. Nf3 e5 4. d3 Nbd7 5. Nbd2 Be7 6. g3 c6 7. c4 Qc7 8. Bg2
h6 9. O-O g5 10. Re1 Nf8 11. a3 Ng6 12. b4 g4 13. Nxe5 dxe5 14. e3 Bf5 15. e4
Be6 16. Nb3 Rd8 17. Qc2 h5 18. d4 exd4 19. Nxd4 Ne5 20. Nxe6 fxe6 21. Red1 h4
22. Qc3 Rxd1+ 23. Rxd1 h3 24. Qxe5 Qxe5 25. Bxe5 hxg2 26. c5 Rh5 27. Bxf6 Bxf6
28. Kxg2 Bb2 29. Rd3 Rh7 30. a4 Rd7 31. Rxd7 Kxd7 32. h4 Ba3 33. b5 Bxc5 34. f3
gxf3+ 35. Kxf3 cxb5 36. axb5 Bd6 37. g4 Ke7 38. g5 a5 39. bxa6 bxa6 40. Ke3 Be5
41. Kd3 Kf7 42. h5 Kg7 43. Kc4 Bf4 44. g6 Bd6 45. Kb3 Kh6 46. Ka4 Bf8 47. Ka5
Kxh5 48. Kxa6 Kxg6 49. Kb5 Kf6 50. Kc6 Ke5 51. Kd7 Ba3 0-1

[Event "36. Copenhagen Open (Politiken Cup)"]
[Site "Elsinore"]
[Date "2014.07.22"]
[Round "2"]
[White "Hansen, Tommy"]
[Black "Hansen, Max"]
[Result "0-1"]
[WhiteElo "1797"]
[BlackElo "2009"]
[PlyCount "62"]
[EventDate "2014.07.21"]
[EventType "swiss"]
[EventRounds "10"]
[EventCountry "DEN"]
[Source "ChessBase"]
[SourceDate "2014.08.29"]

1. e4 c6 2. d4 d5 3. exd5 cxd5 4. c4 Nf6 5. Nc3 e6 6. Nf3 Be7 7. cxd5 Nxd5 8.
Bd3 O-O 9. O-O Nc6 10. Be3 Nxc3 11. bxc3 Bf6 12. Qc2 g6 13. Rfd1 Qc7 14. Rab1
b6 15. Bh6 Rd8 16. Bg5 Qe7 17. Bxf6 Qxf6 18. Re1 Bb7 19. Be4 Na5 20. Ne5 Rac8
21. Re3 Rxd4 22. Bxb7 Nxb7 23. Qe2 Rf4 24. Qa6 Qf5 25. Rd1 Qc2 26. Rde1 Qxf2+
27. Kh1 Rxc3 28. Nxf7 Rxf7 29. Rxe6 Rc2 30. Rg1 Qxg1+ 31. Kxg1 Rc1+ 0-1

[Event "36. Copenhagen Open (Politiken Cup)"]
[Site "Elsinore"]
[Date "2014.07.22"]
[Round "2"]
[White "Haug, Johannes"]
[Black "Hector, Jonny"]
[Result "0-1"]
[WhiteElo "2136"]
[BlackElo "2483"]
[PlyCount "62"]
[EventDate "2014.07.21"]
[EventType "swiss"]
[EventRounds "10"]
[EventCountry "DEN"]
[Source "ChessBase"]
[SourceDate "2014.08.29"]

1. e4 e5 2. Nf3 Nc6 3. d4 exd4 4. Nxd4 Qf6 5. Nb5 Bc5 6. Qe2 Qd8 7. Qg4 Kf8 8.
Qg3 Nf6 9. Bd3 d5 10. Qxc7 dxe4 11. Bc4 Bd7 12. Bf4 Qxc7 13. Nxc7 Rc8 14. Nd5
Ng4 15. O-O Nd4 16. Nbc3 Ne6 17. Bb3 Nxf4 18. Nxf4 e3 19. Ne4 exf2+ 20. Kh1 Bb6
21. h3 Nf6 22. Nd6 Ke7 23. Nxc8+ Rxc8 24. c4 g5 25. Nd5+ Nxd5 26. cxd5 Kd6 27.
a4 Bf5 28. Rad1 Be3 29. Ra1 Bd3 30. Rfd1 Be2 31. Rdb1 f5 0-1

[Event "36. Copenhagen Open (Politiken Cup)"]
[Site "Elsinore"]
[Date "2014.07.22"]
[Round "2"]
[White "Henningsen, Lasse"]
[Black "Christiansen, Niels Jorgen"]
[Result "1-0"]
[WhiteElo "1830"]
[BlackElo "1664"]
[PlyCount "85"]
[EventDate "2014.07.21"]
[EventType "swiss"]
[EventRounds "10"]
[EventCountry "DEN"]
[Source "ChessBase"]
[SourceDate "2014.08.29"]

1. e4 e5 2. Nf3 Nc6 3. d4 exd4 4. Bc4 Bb4+ 5. c3 dxc3 6. bxc3 Be7 7. Qd5 Nh6 8.
Bxh6 O-O 9. Bf4 d6 10. O-O Be6 11. Qd3 Bg4 12. Nbd2 Bf6 13. Rfe1 Ne5 14. Nxe5
dxe5 15. Qxd8 Raxd8 16. Be3 b6 17. f3 Bc8 18. Rad1 Rd6 19. Nb1 Rfd8 20. Bb3 c6
21. Rxd6 Rxd6 22. Rd1 Rxd1+ 23. Bxd1 Ba6 24. Nd2 Be7 25. Kf2 Bd3 26. Bb3 Kf8
27. Bc4 Bc2 28. Ke2 Ba4 29. Bb3 Bb5+ 30. Kd1 c5 31. Bd5 f6 32. f4 Bd6 33. g3
Bd7 34. Nc4 Bc7 35. Nd2 g6 36. fxe5 fxe5 37. Bh6+ Ke7 38. Bg8 b5 39. Kc2 a5 40.
Nf3 Kf6 41. Ng5 b4 42. h4 c4 43. Bf8 1-0